000 00295nam a22001217a 4500
008 171127b xxu||||| |||| 00| 0 eng d
041 _aeng
080 _a62
100 _a27
101 _aENG
245 _aSTANDARDS AMERICAN SOCIETY OF AGRICULTURAL ENGINEERS
_cHAHN.R.H
942 _2udc
_cBK
999 _c38550
_d38550